ՀՀ Գիտությունների ազգային ակադեմիայի հիմնարար գիտական գրադարան  =   Fundamental Scientific Library of NAS RA

Արցախ : (Record no. 80717)

MARC details
000 -LEADER
fixed length control field 00704nam a2200193 u 4500
001 - CONTROL NUMBER
control field 000229195
003 - CONTROL NUMBER IDENTIFIER
control field AM-YeHGA
005 - DATE AND TIME OF LATEST TRANSACTION
control field 20250617124528.0
008 - FIXED-LENGTH DATA ELEMENTS--GENERAL INFORMATION
fixed length control field 030527s1996 ai b r 000 0 arm d
040 ## - CATALOGING SOURCE
Original cataloging agency AM-YeHGA
090 ## - LOCALLY ASSIGNED LC-TYPE CALL NUMBER (OCLC); LOCAL CALL NUMBER (RLIN)
-- 81985
100 1# - MAIN ENTRY--PERSONAL NAME
Personal name Սարգսյան, Սլավա
245 10 - TITLE STATEMENT
Title Արցախ :
Remainder of title Պատմաաշխարհրագր. ճշգրտումներ /
Statement of responsibility, etc. Ս. Սարգսյան; Մասնագիտ. խմբ.՝ Ս. Սողոմոնյան.
260 ## - PUBLICATION, DISTRIBUTION, ETC.
Place of publication, distribution, etc. Երևան :
Name of publisher, distributor, etc. Հայ Էդիթ,
Date of publication, distribution, etc. 1996.
300 ## - PHYSICAL DESCRIPTION
Extent 92 էջ :
Other physical details քարտ.
650 14 - SUBJECT ADDED ENTRY--TOPICAL TERM
Topical term or geographic name entry element Պատմություն
General subdivision Աշխարհագրություն
Geographic subdivision Արցախ
651 #0 - SUBJECT ADDED ENTRY--GEOGRAPHIC NAME
Geographic name Արցախ
700 1# - ADDED ENTRY--PERSONAL NAME
Personal name Սողոմոնյան, Սուրեն
Relator term խմբ.
Relationship edt
Holdings
Withdrawn status Lost status Damaged status Not for loan Collection Home library Current library Date acquired Total checkouts Full call number Barcode Date last seen Price effective from Koha item type Public note
        General Fundamental Scientific Library Fundamental Scientific Library 22/12/2016   947.924.3 220083764 22/12/2016 22/12/2016 Գրքեր / Books 30 Days Loan
        General Fundamental Scientific Library Fundamental Scientific Library 22/12/2016   947.925.1 220084519 22/12/2016 22/12/2016 Գրքեր / Books 30 Days Loan


ՀՀ ԳԱԱ հիմնարար գիտական գրադարան
ՀՀ,Երևան 0019
Մարշալ Բաղրամյան 24/6
հեռախոս:(374-10) 52-47-50
Հետադարձ կապ

All site content, except where otherwise noted, is licensed under a
Creative Commons License